Thirty an' seen a lot /
Sábháilte in:
| Príomhchruthaitheoir: | |
|---|---|
| Formáid: | Leictreonach Ríomhleabhar |
| Teanga: | Béarla Spáinnis |
| Foilsithe / Cruthaithe: |
Houston, Texas :
Arte Público Press,
[1985]
|
| Ábhair: | |
| Rochtain ar líne: | Digitalia Hispánica |
| Clibeanna: |
Cuir clib leis
Níl clibeanna ann, Bí ar an gcéad duine le clib a chur leis an taifead seo!
|
MARC
| LEADER | 00000nam a2200000Ii 4500 | ||
|---|---|---|---|
| 001 | DIGARTEP0355 | ||
| 003 | NyNyDIG | ||
| 006 | m o d | ||
| 007 | cr ||||||||||| | ||
| 008 | 220630s1985 txu o 000 p eng d | ||
| 035 | |a (OCoLC)180772593 | ||
| 040 | |a DGITA |b eng |e rda |e pn |c DGITA | ||
| 020 | |a 9781518502262 |q pdf | ||
| 020 | |a 9781518503238 |q ePub | ||
| 020 | |z 9780934770132 | ||
| 041 | 0 | |a eng |a spa | |
| 050 | 1 | 4 | |a PS3572.I34 ebook |
| 100 | 1 | |a Vigil-Piñón, Evangelina, |e author. | |
| 245 | 1 | 0 | |a Thirty an' seen a lot / |c Evangelina Vigil. |
| 246 | 3 | |a Thirty and seen a lot | |
| 264 | 1 | |a Houston, Texas : |b Arte Público Press, |c [1985] | |
| 300 | |a 1 online resource. | ||
| 336 | |a text |b txt |2 rdacontent | ||
| 337 | |a computer |b c |2 rdamedia | ||
| 338 | |a online resource |b cr |2 rdacarrier | ||
| 347 | |a text file |2 rdaft | ||
| 347 | |b PDF | ||
| 347 | |b EPUB | ||
| 546 | |a Text in English and Spanish. | ||
| 588 | 0 | |a Online resource; title from PDF title page (Digitalia, viewed June 30, 2022) | |
| 655 | 7 | |a Poetry. |2 lcgft | |
| 655 | 0 | |a Electronic books. | |
| 791 | 2 | |a Digitalia (Firm), |e distributor. | |
| 793 | 0 | |g Digitalia eBook Collection: |a Arte Publico Press | |
| 776 | 0 | 8 | |i Print version: |a Vigil-Piñón, Evangelina. |t Thirty an' seen a lot. |d Houston, Texas : Arte Público Press, 1985 |z 9780934770132 |
| 856 | 4 | 0 | |3 Digitalia Hispánica |u https://digitalia.unach.elogim.com/a/47287/ |
| 910 | |a Premium collection: 2022 | ||